000
00238nam a22000857a 4500
008
161027b xxu||||| |||| 00| 0 eng d
100
_9
968
_a
Doshi,D.M.
245
_a
General Knowledge Update-VIII
260
_a
New Delhi
_b
Cordova Publications
_c
2007
999
_c
3627
_d
3627